000
00304nam a2200109Ia 4500
008
230907s9999||||xx |||||||||||||| ||und||
082
_a
621.319,ELE
245
0
_a
Electric vehicle integration into modern power networks /
260
_a
Springer,
_b
New York :
_c
2013
300
_a
xi, 325 p. :
942
_c
BK
999
_c
597610
_d
597610